Tô Hoài những tác phẩm tiêu biểu trước 1945

Wedi'i Gadw mewn:
Manylion Llyfryddiaeth
Prif Awdur: Tô Hoài
Fformat: Llyfr
Iaith:Undetermined
Cyhoeddwyd: Hà Nội Giáo Dục 2000
Pynciau:
Tagiau: Ychwanegu Tag
Dim Tagiau, Byddwch y cyntaf i dagio'r cofnod hwn!
Thư viện lưu trữ: Trung tâm Học liệu Trường Đại học Cần Thơ
LEADER 00512nam a2200169Ia 4500
001 CTU_43743
008 210402s9999 xx 000 0 und d
082 |a 895.922331 
082 |b T450th 
100 |a Tô Hoài 
245 0 |a Tô Hoài những tác phẩm tiêu biểu trước 1945 
245 0 |c Tô Hoài 
260 |a Hà Nội 
260 |b Giáo Dục 
260 |c 2000 
650 |a short stories, vietnamese - 20th century 
980 |a Trung tâm Học liệu Trường Đại học Cần Thơ